Education at a Glance OECD Indicators
Gespeichert in:
| Format: | Buch |
|---|---|
| Sprache: | Englisch Französisch |
| Veröffentlicht: |
Paris
OECD
1993
|
| Schlagworte: | |
| Tags: |
Keine Tags, Fügen Sie das erste Tag hinzu!
|
MARC
| LEADER | 00000nam a2200000 4500 | ||
|---|---|---|---|
| 001 | c004905 | ||
| 005 | 20251201100515.9 | ||
| 020 | |a 92-64-03894-9 | ||
| 041 | 0 | |a eng | |
| 041 | 0 | |a fre | |
| 044 | |a FR | ||
| 245 | 1 | 0 | |a Education at a Glance |b OECD Indicators |
| 264 | 1 | |a Paris |b OECD |c 1993 | |
| 300 | |a 259 s. | ||
| 610 | 2 | 0 | |a vzdelávanie |
| 610 | 2 | 0 | |a náklady na vzdelanie |
| 610 | 2 | 0 | |a zdroje ľudské |
| 610 | 2 | 0 | |a školstvo |
| 610 | 2 | 0 | |a trh práce |
| 610 | 2 | 0 | |a nezamestnanosť |
| 610 | 2 | 0 | |a ČSFR |
| 610 | 2 | 0 | |a východná Európa |
| 610 | 2 | 0 | |a 1990-1991 |